Statistiques concernant Douze Mois En Quinze Secondes

Cliquez ici pour prendre le quiz!

Statistiques générales

  • Ce quiz a été pris 832 fois
  • Le résultat moyen est 7 sur 12

Statistiques - réponses

Réponse% Correct
Janvier
95%
Février
82%
Mars
82%
Avril
79%
Mai
77%
Juin
74%
Juillet
63%
Août
57%
Septembre
44%
Octobre
35%
Décembre
5%
November
2%

Distribution des résultats

Percentile par nombre de réponses

% des personnes avec chaque résultat

Votre développement - résultats

Vous n’avez pas pris ce quiz